000
00346nam a2200133Ia 4500
008
151001s9999||||xx |||||||||||||| ||und||
100
_a
श्यामसिंह शशी
245
_a
जंगल कि गुडियाँ
250
_a
1
260
_b
संगीता
260
_c
2007
300
_a
71
365
_b
21
999
_c
989561
_d
989558